Fr. Conceicao Rodrigues College of Engineering

Advanced programming and problem solving with pascal (Record no. 32734)

MARC details
000 -LEADER
fixed length control field 00302nam a2200133Ia 4500
100 ## - MAIN ENTRY--PERSONAL NAME
Personal name Schneider G.M
245 ## - TITLE STATEMENT
Title Advanced programming and problem solving with pascal
260 ## - PUBLICATION, DISTRIBUTION, ETC.
Name of publisher, distributor, etc. John wiley
Place of publication, distribution, etc. New York
Date of publication, distribution, etc. 1987
300 ## - PHYSICAL DESCRIPTION
Extent 621
546 ## - LANGUAGE NOTE
Language note ENGLISH
654 ## - SUBJECT ADDED ENTRY--FACETED TOPICAL TERMS
Focus term pascal
942 ## - ADDED ENTRY ELEMENTS (KOHA)
Koha item type BOOK
Holdings
Withdrawn status Lost status Damaged status Not for loan Collection Home library Current library Date acquired Source of acquisition Cost, normal purchase price Total Checkouts Full call number Barcode Date last seen Cost, replacement price Price effective from Koha item type
        CRC Fr. Agnel's C.Rodrigues College of Engineering Fr. Agnel's C.Rodrigues College of Engineering 17/03/2023 global books 347.60   6692 17/03/2023 347.60 17/03/2023 BOOK